Регионална библиотека "Любен Каравелов" - Русе

Спомен от Солферино (Запис номер 18420)

MARC детайли
000 -Лидер
Контролно поле с фиксирана дължина 02061nam a2200469 c 4500
003 - Код на организацията, давaща контролен номер
Контролно поле BLK
005 - Дата и час на последна редакция
Контролно поле 20180420215344.0
008 - Елементи от данни с фиксирана дължина
fixed length control field 180413b bul|||||r ||||||| ||bul||
010 ## - Наследен системен номер
LC control number KNG00020471000
020 ## - Международен стандартен номер на книга ISBN
Международен стандартен номер на книга ISBN 978-954-8406-06-2
-- издат.: Бълг. червен кръст
040 ## - Източник на каталожния запис
Идентификатор на билиотеката - собственик на записа BLK
041 ## - Код за език
Код за езика на текст/звукозапис или на отделно заглавие Български
Код за езика КДБФ Български
072 #7 - Код за тематичната категория
Код организация bullib
Код за тематична категория Н35
Текст Обществено управление. Военни науки Н
080 ## - УДК
Текстов определител УДК Военна история - Военни походи, битки, героични подвизи. Вж и 93/99
УДК код - определител по УДК 355.48
УДК определител (45)(093.3)
УДК - код + определител 355.48(45)(093.3)
080 ## - УДК
Текстов определител УДК Първа помощ при нещастни случаи. Организация на бърза помощ - Организационни мероприятия. Доброволна помощ. Червен кръст, червен полумесец. Средства за оказване на първа помощ, апаратура за реан
УДК код - определител по УДК 614.88
УДК определител (091)
УДК - код + определител 614.88(091)
100 1# - Редна дума - Автор
Автор Дюнан, Анри
Авторска отговорност първи автор
R(LIN) 262815
139 ## - Редно поле
Редна дума Дюнан, Анри
Авторски знак Дюм - Д 98
245 10 - Сведения за заглавието
Заглавие Спомен от Солферино
Редно поле (дума) Анри Дюнан.
250 ## - Област на изданието
Сведения за изданието 2. изд.
257 ## - Страна на издаване
Страна на създаване/издаване Франция
260 ## - Област на издателските данни
-- София
Име на издателя, разпространителя и проч. Бълг. червен кръст
Година на издаване 2009
Печатница София : Ракурс
300 ## - Физическа характеристика
Страници 64 с.
Размери/Мащаб 21 см
380 ## - Жанр
Жанр История
500 ## - Общи забележки
Забележка Без сведение за ориг. загл. - 1. изд. 1988.
650 #4 - Допълнително описание по предмет – тема
Основно описание – тема или топоним Военна история - Европа
9 (RLIN) 262816
650 #4 - Допълнително описание по предмет – тема
Основно описание – тема или топоним Червен кръст - история
9 (RLIN) 262817
650 #4 - Допълнително описание по предмет – тема
Основно описание – тема или топоним Сражения
9 (RLIN) 171805
651 #4 - Допълнително описание по предмет - топоним
Географско понятие Солферино
9 (RLIN) 179571
651 #4 - Допълнително описание по предмет - топоним
Географско понятие Италия
9 (RLIN) 178965
653 ## - Ключова дума – ненормативна
Ключова дума Солферино
653 ## - Ключова дума – ненормативна
Ключова дума битки
653 ## - Ключова дума – ненормативна
Ключова дума сражения
653 ## - Ключова дума – ненормативна
Ключова дума военна история
653 ## - Ключова дума – ненормативна
Ключова дума Червен кръст
653 ## - Ключова дума – ненормативна
Ключова дума спомени
659 ## - Тематичен бюлетин
Тематичен бюлетин Н
852 ## - Местоположение
Форматна сигнатура Цб 251323
856 4# - Електронен адрес и достъп
Електронен формат pdf - файл
Път до файла /url/
856 4# - Електронен адрес и достъп
Електронен формат pdf - файл
Път до файла /url/
942 ## - АРТИКУЛИ
Вид на библиотечния материал Книги
Скрит в OPAC Не
944 ## - СЪЗДАВАНЕ И РЕДАКЦИЯ на ЗАПИСА
Създаване/Редакция Създаване
Дата на регистрацията/редакция 24.03.2011
Статус, дата на статуса ф /
Служител, извършил регистрацията/редакцията Милена_Ачева
944 ## - СЪЗДАВАНЕ И РЕДАКЦИЯ на ЗАПИСА
Създаване/Редакция Редакция
Дата на регистрацията/редакция 16.08.2011
Статус, дата на статуса ф /
Служител, извършил регистрацията/редакцията
999 ## - СИСТЕМНИ КОНТРОЛНИ НОМЕРА
Koha biblionumber 18420
Koha biblioitemnumber 18420
Наличности
Код за отписване Код за изгубен артикул Код за повреда Коз за рестрикции Код за отдаване Артикулен № Име на библиотеката - собственик Име на библиотеката, в която се намира в момента Статус (Текущо местоположение) Дата на вписване в системата Местоположение - отдел Цена в лева Инвентарен номер Систематично азбучна сигнатура Баркод Номер на екземпляра Цена в евро Служебна бележка Служебен тип на артикула
  Не е изгубен Не е повреден без рестрикции ползва се в читалня 30913 Регионална библиотека "Любен Каравелов" Русе Регионална библиотека "Любен Каравелов" Русе Хранилище 2011-03-23 Хранилище 4.00 120000749976 Цб 251323 120000749976 1 2.05 Дост: Dp Вид: Д N: 28 Дата: 14.07.2010 Книги
  Не е изгубен Не е повреден без рестрикции заемане за дома 30914 Регионална библиотека "Любен Каравелов" Русе Регионална библиотека "Любен Каравелов" Русе Заемна - подръчен фонд 2011-03-29 Заемна - подръчен фонд 4.00 120000750204 П 355.48/Д 98 120000750204 2 2.05 Дост: DA Вид: А N: 4 Дата: 29.03.2011 Дата инв: 07.02.2018 Бележки инв: П2018 Книги
Vip Innovations Ltd, Rousse, Bulgaria 2025